| 000 | 00319nam a2200133 i 4500 | ||
|---|---|---|---|
| 001 | bg | ||
| 100 | 1 | _aPOCHWICKA, N. | |
| 245 | 0 |
_aPodróże służbowe krajowe i zagraniczne / _cN. Pochwicka. |
|
| 260 |
_aWarszawa, _c1986. |
||
| 040 | _cBPK | ||
| 041 | _apol | ||
| 942 | _cKS | ||
| 008 | s pl f |000 0 pol | ||
| 999 |
_c3005 _d3005 |
||
| 856 |
_uhttp://koha.tu.koszalin.pl/cgi-bin/koha/opac-detail.pl?biblionumber=3005 _yKatalog online BPK |
||